A clear, impartial guide to reducing carbon in your home (Record no. 121553)

MARC details
000 -LEADER
fixed length control field 01469nam a22002297a 4500
008 - FIXED-LENGTH DATA ELEMENTS--GENERAL INFORMATION
fixed length control field 230622s2021 xxk|||||o|||| 00| 0 eng d
041 ## - LANGUAGE CODE
Language code of text/sound track or separate title eng
110 ## - MAIN ENTRY--CORPORATE NAME
Corporate author Royal Institution of Chartered Surveyors
245 ## - TITLE STATEMENT
Title A clear, impartial guide to reducing carbon in your home
Statement of responsibility, etc [archived]
260 ## - PUBLICATION INFORMATION
Place of publication London,
Publisher Royal Institution of Chartered Surveyors,
Date June 2021
300 ## - PHYSICAL DESCRIPTION
Physical description 14p.
490 ## - SERIES TITLE
Series statement RICS Consumer Guide
520 ## - ABSTRACT
Abstract This guide has been written by RICS and offers guidance to homeowners considering retrofitting to make their home low carbon, and signposts other key sources of advice and financial assistance for making these changes. It is also useful for those looking to make their property greener before putting it on the market, or for those renting property looking to benefit from energy efficiency. The guide also advices on helping to fight climate change through reducing energy consumption which will assist you in saving money on energy bills, as well as the other numerous benefits.
520 ## - ABSTRACT
Abstract Superseded by Retrofitting and improving the energy efficiency of your home published April 2025
650 ## - KEYWORDS
Keywords DECARBONISATION
650 ## - KEYWORDS
Keywords RETROFITTING
651 ## - SUBJECT ADDED ENTRY--GEOGRAPHIC NAME
Geographic name United Kingdom
690 ## - BROAD SUBJECT
9 (RLIN) 6266
Broad subject Residential property
710 ## - ADDED CORPORATE NAME
Added corporate author Royal Institution of Chartered Surveyors
856 ## - ONLINE RESOURCE
Uniform Resource Identifier <a href="https://www.ricsfirms.com/residential/improvements/going-green/rics-guide-reducing-carbon-in-your-home/">https://www.ricsfirms.com/residential/improvements/going-green/rics-guide-reducing-carbon-in-your-home/</a>
Public note Archived
942 ## - ADDED ENTRY ELEMENTS (KOHA)
Suppress in OPAC Do not suppress in OPAC
Holdings
Lost status Source of classification or shelving scheme Damaged status Not for loan Home library Current library Shelving location Date acquired Total Checkouts Full call number Date last seen Price effective from Koha item type Public note
  Dewey Decimal Classification     Virtual Virtual Online 23/06/2023   SCAN 07/05/2024 23/06/2023 Online material Available on Teams > Knowledge Information > Library > Digital Copies > RICS Scans > RICS Publications 2021